1979 1147 1525 1112 1238 1622 1195 1657 1275 1423 1237 1702 1873 1361 1100 1441 1386 1917 1862 1540 1751 1293 1507 1793 1064 1262 1786 1634 1942 1097 1344 1120 1127 1643 1066 1089 1343 1763 1331 1633 1773 1699 1860 1217 1328 1843 1853 1403 1000 1969 1228 1884 1440 1422 1202 1167 1951 1533 1199 1610 1064 1200 1416 1897 1650 1483 1923 1448 1012 1133 1925 1189 1167 1685 1472 1894 1748 1452 1698 1581 1213 1224 1430 1498 1543 1657 1933 1343 1567 1466 1324 1574 1454 1236 1375 1498 1880 1724 1395 BCNSPRNW ULIB Ver.6.0+V

เปลี่ยนเป็นภาษาไทย

Change to English
 แสดงรายละเอียดบรรณานุกรม
  กลับหน้าหลัก

Brief Record : Get Marc (ISO 2709) : E-mail record : QR code < ปิดหน้าต่าง
LEADER : 00000nam 2200000uu 4500
001    13399125959
003     ULIB
008    020711s2560 th a 000 0 tha d
020    ^a9786161134594
060    ^aWY16^b471น
100    ^aศิริมา ลีละวงศ์ และคณะ
245    ^aแนวทางการวางแผนสืบทอดตำแหน่งสายงานพยาบาลวิชาชีพ ตามหลักธรรมาภิบาล
260    ^aนนทบุรี :^bกระทรวงสาธารณสุข,^c2560
300    ^a121 หน้า;^c30 ซม.
650    ^aพยาบาล-วิชาชีพ
650  0 ^aธรรมาภิบาล
945    ^p0^l0^i003399
999    ^aประนอม เกษจรัล
รายการนี้ยังไม่มีแท็ก
คุณยังไม่ได้ล็อกอิน คุณสามารถมีกิจกรรมร่วมกับเว็บไซต์ได้ แต่ต้องล็อกอินก่อน ::
  ล็อกอิน

รายการสื่อสารสนเทศ

ลำดับที่ ประเภท เลขเรียก/บาร์โค้ด สถานที่ สถานะ
1. วิทยาศาสตร์การแพทย์ และสุขภาพ
วิทยาศาสตร์การแพทย์ และสุขภาพ
WY16 471น ฉ.1 
  Barcode: 003399
ห้องสมุดวิทยาเขตสวรรค์ประชารักษ์
►หนังสือทั่วไป
บนชั้น

รายการใกล้เคียง
    หัวเรื่อง [พยาบาล-วิชาชีพ]
    หัวเรื่อง [ธรรมาภิบาล]

BibComment


ยังไม่เคยถูกคอมเมนท์

คอมเมนท์ทรัพยากรรายการนี้
  คอมเมนท์: แนวทางการวางแผนส..


 Copyright 2026. Bcnsprnw @Library